000 01450cam a22004454i 4500
003 PE-LiUPU
005 20250731173542.0
008 150616s r 000 0 d
035 _a(Sirsi) a9097
040 _aPE-LiUPU
_bspa
_cPE-LiUPU
_erda
049 _aPRUA
082 0 4 _a286.731
_bB81
_221
100 1 _aBranson, William H.,
_eautor.
245 1 0 _aMissionary Adventures in Africa.
264 1 _aWashington :
_bReview and Herald Publishing Association,
_c1925.
300 _a255 páginas ;
_c20 cm.
336 _atext
_2rdacontent
337 _aunmediated
_2rdamedia
338 _avolume
_2rdacarrier
505 0 _aAventuras adventistas en el Africa.- Las misiones en el Africa.
526 _aSEG42
526 _aSEG41
526 _aSEG40
526 _aSEG39
526 _aP94
526 _aP87
526 _aP86
526 _aP85
526 _aP77
526 _aP76
526 _aP35
650 0 4 _aIASD - HISTORIA - AFRICA.
910 _ajck
_bjvq
_cjck
942 _2ddc
_cBOOK
949 _a286.731 B81
_wDEWEY
_c1
_i42656
_lCCODEBUL1
_mBUL
_p00.00
_r0
_sY
_tBOOK
_u19970224
_xTEOLOGIA
_zUNKNOWN
_0COMPRA
_o.STAFF. Colección General
994 _aC0
_bPEPRU
596 _a1
999 _a286.731 B81
_wDEWEY
_c60513
_i42656
_f2021-11-12
_g4
_lCCODEBUL1
_mBUL
_r0
_sY
_tBOOK
_u2015-6-16
_xTEOLOGIA
_zUNKNOWN
_0COMPRA
_o.STAFF. Colección General
_d60513
980 _81
_gALBERTO SANCHEZ Responsable de Automatización